| 000 | 00527nam a22001697a 4500 | ||
|---|---|---|---|
| 005 | 20231025073820.0 | ||
| 008 | 231025b |||||||| |||| 00| 0 eng d | ||
| 020 | _a0702109991 | ||
| 041 | _aEnglish | ||
| 082 | _a347.1 JAC | ||
| 100 |
_aJacobs M and Ehlers NEJ _lEnglish |
||
| 245 |
_aLaw of Attorneys' Costs and Taxation Thereof _cM Jacobs and NJ Ehlers |
||
| 260 |
_aCape Town : _bJuta & Co, Ltd, _c1979 |
||
| 300 |
_bxlvi, 486 pages ; _c26 cm. |
||
| 650 |
_aLegal practice _bLaw |
||
| 942 |
_cBK _6ALISON_BN_VRIES |
||
| 999 |
_c40 _d40 |
||